000 03243nam a2200445 a 4500
003 CHAP
005 20240905142349.0
007 cr ||||||a|c|a
008 101025s2010 mx r 00010 spa d
035 _a111201
040 _cCHAP
090 _aTesis
100 1 _aHuerta Paniagua, Ruben
_956697
245 1 0 _aEfecto de la temperatura y tamaño de la semilla en la germinación de Quercus rugosa Neé
_c/por Ruben Huerta Paniagua; director Dante Arturo Rodríguez Trejo
264 1 _aChapingo, Méx. :
_bEl autor,
_c2010.
300 _a1 recurso en línea (34 páginas):
_bCuadros, figuras
336 _2rdacontent
_atexto
_btxt
337 _2rdamedia
_acomputadora
_bc
338 _2rdacarrier
_arecursos en linea
_bcr
502 _cDICIFO
_d2010.
_gLIC
_bIAEB
520 _aEl presente trabajo, consistió en estudiar el efecto de la temperatura y tamaño de la semilla en la germinación de Quercus rugosa Née. Se manejaron tres tamaños de semillas: Las semillas grandes (3.09 cm de largo por 1.55 cm de ancho, en promedio); las medianas (2.45 cm de largo por 1.29 cm de ancho, en promedio) y las pequeñas (2.15 cm de largo por 1.18 cm de ancho, en promedio) y dos regímenes día y noche, en cámaras de ambiente controlado para el estudio de la germinación y de la energía germinativa: Alta 24/19°C y baja 19/14°C, con un fotoperiodo de 12 h. El diseño experimental fue en bloques completamente al azar, con seis repeticiones para seis combinaciones de los diferentes niveles de cada tratamiento. Los bloques están anidados dentro del factor temperatura. Los datos de germinación y de energia germinativa fueron analizados mediante análisis de varianza con un modelo mixto, utilizando el procedimiento mixto ( Proc Mixed ) del programa SAS para microcomputadoras. El tamaño de la semilla influyó significativamente (p = 0.0009) en la germinación potencial. Las semillas grandes y medianas alcanzaron el 50% de su germinación potencial en el menor tiempo. Las semillas grandes germinaron casi el doble que las pequeñas y en un 29.4% más que las medianas. La energía germinativa fue significativamente afectada por ambos factores y su interacción (p=0.0851, p=0.0009, p=0.0045, respectivamente). La mayor energia germinativa se tuvo en las semillas medianas, a alta temperatura. La variación en el tamaño de la semilla y la temperatura les permiten germinar en diferentes condiciones ambientales.
590 _aALEPH
_b10
_c20130110
590 _aBATCH-UPD
_b10
_c20130110
590 _aBATCH-UPD
_b10
_c20130410
590 _aBATCH-UPD
_b10
_c20130914
590 _aBATCH-UPD
_b10
_c20140324
590 _aBATCH-UPD
_b10
_c20141002
590 _aCONVERSION
_b10
_c20130109
650 0 4 _aGerminación
_xEfecto de la temperatura.
_947757
650 0 4 _aQuercus.
_993173
650 0 4 _aSemillas
_xGerminación.
_9103903
700 0 _aRodríguez Trejo, Dante Arturo
_998938
_eDirector
856 _uhttp://10.13.5.2/tesis/111201.pdf
_zDESCARGAR PDF
901 _aBK
942 _cTD
_2Clasificación Universidad Autónoma Chapingo
949 _bBC
_cTES
_d334724002219579
_eTS1
_h51885
_i111201
_sb
949 _bBC
_cTES
_d33724002219611
_eTS2
_fc.2
_gDonaciØn
_h51286
_i111201
_sb
999 _c99543
_d99543